| 000 | 01456cam a2200313Ii 4500 | ||
|---|---|---|---|
| 001 | americannegroesh00embr | ||
| 003 | CaSfIA | ||
| 005 | 20210117183537.0 | ||
| 007 | cr|||| | ||
| 008 | 790910r19721942txua b 001 0 eng d | ||
| 040 |
_aIUA _cIUA _dOCL _dOCLCG _dCaSfIA |
||
| 035 | _a(OCoLC)5356388 | ||
| 043 | _an-us--- | ||
| 090 |
_aE185.6 _b.E45 |
||
| 100 | 1 |
_aEmbree, Edwin R. _q(Edwin Rogers), _d1883-1950. |
|
| 245 | 1 | 0 |
_aAmerican Negroes, a handbook / _h[electronic resource] _cEdwin R. Embree. |
| 260 |
_aNew York : _bJohn Day Co., _c1942. |
||
| 300 |
_a79 p. : _bill. ; _c20 cm. |
||
| 504 | _aBibliography: p. 70-74. | ||
| 500 | _aIncludes index. | ||
| 500 | _aMicrofiche. Dallas : Microfilm Center, 1972. -- 1 sheet ; 11 x 15 cm. | ||
| 650 | 0 | _aAfrican Americans. | |
| 856 | 4 | 1 |
_uhttp://www.archive.org/details/americannegroesh00embr _zFree eBook from the Internet Archive |
| 856 | 4 | 2 |
_uhttp://www.openlibrary.org/books/OL24200043M _zAdditional information and access via Open Library |
| 999 |
_c467931 _d467931 |
||
| 942 | _cEB | ||
| 506 | _fНеобхідна авторизація на https://archive.org/ (створення облікового запису безкоштовно) | ||
| 506 | _fНеобхідна авторизація на https://openlibrary.org/ (створення облікового запису безкоштовно) | ||